000 00934nas a2200289 4500
001 BR9703731
003 BR-BrBNA
005 20231205100343.0
007 ta
008 230509b bl.|||p| |||| 00| 00por d
040 _aBR-BrBNA
_bpor
_cBiblioteca Nacional de Agricultura
041 _a(Pt)
072 _aF01
100 1 _aBeux, M.R.
100 1 _aSoccol, C.R.
245 1 _aCultivo do fungo comestivel Lentinula edodes em residuos agroindustriais do Parana atraves do uso de fermentacao no estado solido
650 _aCogumelo Comestivel
650 _aResiduo Industrial
650 _aInoculacao
650 _aIncubacao
650 _aFermentacao
650 _aPratica Cultural
650 _aPARANÁ
773 0 _tBoletim do Centro de Pesquisa e Processamento de Alimentos (Brazil)
_xISSN 0102-0323
_g(Jan-Jun 1996), v. 14(1) p. 11-24
_wBR9703731
909 _a202311
_bLúcia
_c55
_dLúcia Elande
942 _2AGRIS
_n0
_cANA
999 _c155546
_d155546